Analýza výmenného kurzu – monetárny prístup diplomová práca

Salvato in:
Dettagli Bibliografici
Autore principale: Bezáková, Eva
Ente Autore: Fakulta hospodárskej informatiky EU. Katedra operačného výskumu a ekonometrie
Altri autori: Chocholatá, Michaela, 1977-
Natura: Libro
Lingua:slovacco
Pubblicazione: Bratislava 2011
Tags: Aggiungi Tag
Nessun Tag, puoi essere il primo ad aggiungerne!!

MARC

LEADER 00000nbm a2200000 4500
001 0140591
005 20161109101936.2
041 0 |a slo 
044 |a SK 
245 1 0 |a Analýza výmenného kurzu – monetárny prístup  |b diplomová práca  |c Eva Bezáková ; školiteľ: Michaela Chocholatá 
264 1 |a Bratislava  |c 2011 
300 |a 74 s. 
100 1 |a Bezáková, Eva 
700 1 |a Chocholatá, Michaela, 1977- 
710 2 |a Fakulta hospodárskej informatiky EU. Katedra operačného výskumu a ekonometrie